|
|
|
|
| LEADER |
01054nam a2200253 a 4500 |
| 001 |
GR-MES14990 |
| 008 |
060719s20062007gr b u001 b eng d |
| 020 |
|
|
|a 0470016892
|
| 020 |
|
|
|a 9780470016
|
| 040 |
|
|
|a GrPaTEI
|b gre
|c GR-PaULI
|
| 040 |
|
|
|a GrPaTEI
|b gre
|c GR-PaULI
|
| 082 |
|
0 |
|a 368.01
|2 21
|
| 100 |
1 |
|
|a Promislow, S. David
|
| 245 |
1 |
0 |
|a Fundamentals of actuarial mathematics /
|c S. David Promislow.
|
| 260 |
|
|
|a Chichester, England :
|b John Wiley & Sons,
|c 2007, c2006
|
| 300 |
|
|
|a xix, 372 σ. :
|b εικ. ;
|c 26 εκ.
|
| 504 |
0 |
0 |
|a Περιλαμβάνει βιβλιογραφία και ευρετήριο.
|
| 650 |
|
0 |
|a Business mathematics
|
| 650 |
|
0 |
|a Insurance
|x Mathematics
|
| 650 |
|
4 |
|a ΜΑΘΗΜΑΤΙΚΑ ΕΠΙΧΕΙΡΗΣΕΩΝ
|
| 942 |
|
|
|2 ddc
|
| 952 |
|
|
|0 0
|1 0
|2 ddc
|4 0
|6 368_010000000000000_PRO
|7 0
|9 272846
|a MSLG
|b MSLG
|c BSC
|d 2021-01-17
|e 24
|f 0
|g 0.00
|l 0
|o 368.01 PRO
|p 2420000023527
|r 2021-01-17 00:00:00
|t 1
|w 2021-01-17
|y BK15
|x 20090320 0 ΤΣΑΝΤΑΡΛΙΩΤΗ 1
|x GrPaTEI
|
| 971 |
|
|
|a .b2581039x
|b 15-04-20
|c 13-09-16
|
| 999 |
|
|
|c 157881
|d 157881
|